000 00664nam a2200229Ia 4500
005 20250508164615.0
008 008 250505s9999 xx 000 0 eng d
020 _a81-202-0282-1
037 _aTextual
040 _aFEDL
_beng
_cFEDL
041 _aeng
_2eng
084 _a370.954, BHA
_qFEDL
100 _aBhanu Pratap Singh
245 0 _aAims of education in India
260 _aDelhi, India
_bAjanta Publications
_c1990
300 _axiii,242p
365 _aINR
_b195
546 _aVedic, Buddhist, Medieval, British and Post-Independence
650 _aEducation - India
942 _cTEXL
_h370.954, BHA
999 _c1390112
_d1390112